| 000 | 01278nab a2200229 i 4500 | ||
|---|---|---|---|
| 001 | 768714001 | ||
| 003 | CO-MdFUSB | ||
| 005 | 20240528074013.0 | ||
| 008 | 240528t1975 sp ||||| |||| 00| 0 spa d | ||
| 040 |
_bspa _cCO-MdFUSB _dCO-MdFUSB |
||
| 041 | _aspa | ||
| 100 |
_aLegrand, Hervé, _d1935- _eautor |
||
| 245 | 1 |
_aMinisterio romano y ministerio universal del Papa : _bel problema de su elección _c/ Hervé Legrand ; traducido por José María de Llanos |
|
| 520 | _aReflexión sobre la propuesta del cardenal Suenens, quien en 1969 solicitaba que se devuelva la elección papal al colegio de los obispos. El autor analiza los siguientes puntos ¿Es esto tradicional? ¿Es coherente con esa mejor articulación que se busca entre las Iglesias locales y la Iglesia universal encomiando el desarrollo de la colegialidad episcopal? | ||
| 650 | 7 |
_aClero -- _bActividad política _941 |
|
| 650 | 7 |
_aIglesia _9655 |
|
| 650 | 7 |
_aTeología dogmática _96937 |
|
| 700 |
_aLlanos, José María de, _etraductor |
||
| 773 | 0 |
_049450 _982689 _oR2598 _tRevista internacional de teología Concilium _w(CO-MdFUSB)8 _x0210-1041 _gVolumen 108, (septiembre - 0ctubre, 1975) páginas: 179 - 192 _qpáginas: 179 |
|
| 942 | _cANA | ||
| 945 | _aCatherine Arias Álvarez - Practicante SENA | ||
| 999 |
_c69941 _d69941 |
||